| Tag |
First Indicator |
Second Indicator |
Subfields |
| LEADER |
00000cam a2200000 i 4500 |
| 001 |
in00000021160 |
| 005 |
20151007061005.0 |
| 008 |
800627s1979 txu b 00010 eng d |
| 035 |
|
|
|a (OCoLC)06466382
|
| 035 |
|
|
|9 AAD0770AM
|
| 040 |
|
|
|a TXA
|c TXA
|d UtOrBLW
|
| 049 |
|
|
|a [Arcv] TXAZ [1243346]
|
| 099 |
|
|
|a 1979
|a Thesis
|a H177
|
| 100 |
1 |
|
|a Hall, James Milton.
|
| 245 |
1 |
0 |
|a Influences of subliminal perception upon conscious affective evaluations of supraliminal stimuli / by James Milton Hall, III.
|
| 264 |
|
1 |
|a [College Station, Tex] :
|b Hall,
|c 1979.
|
| 300 |
|
|
|a viii, 69 leaves ;
|c 28 cm.
|
| 336 |
|
|
|a text
|b txt
|2 rdacontent
|
| 337 |
|
|
|a unmediated
|b n
|2 rdamedia
|
| 338 |
|
|
|a volume
|b nc
|2 rdacarrier
|
| 500 |
|
|
|a Vita.
|
| 500 |
|
|
|a "Major subject: Psychology."
|
| 502 |
|
|
|b M.S.
|c Texas A&M University.
|
| 504 |
|
|
|a Bibliography: leaves 67-68.
|
| 650 |
|
0 |
|a Subliminal perception.
|
| 650 |
|
0 |
|a Visual perception
|x Testing.
|
| 650 |
|
0 |
|a Visual evoked response
|x Testing.
|
| 650 |
|
0 |
|a Awareness.
|
| 650 |
|
4 |
|a Major psychology.
|
| 999 |
|
|
|a MARS
|
| 999 |
f |
f |
|s 8af1a56e-c8c0-307f-8db9-b2fb02303217
|i 8008b010-4b4d-3f72-b2f2-3163f534d27e
|t 0
|
| 952 |
f |
f |
|p noncirc
|a Texas A&M University
|b J.J. Pickle Campus
|c High Density Repository
|d Remote Storage
|t 0
|e 1979 Thesis H177
|h Other scheme
|i unmediated -- volume
|m A14840993842
|
| 998 |
f |
f |
|a 1979 Thesis H177
|t 0
|l Remote Storage
|